Madrid (Record no. 5483)

MARC details
000 -LEADER
campo de control de longitud fija 00957nam a2200241 i 4500
001 - NÚMERO DE CONTROL
campo de control 5483
003 - IDENTIFICADOR DE NÚMERO DE CONTROL
campo de control ES-MaACL
005 - FECHA Y HORA DE LA ÚLTIMA TRANSACCIÓN
campo de control 20230906144608.0
007 - CAMPO FIJO DE DESCRIPCIÓN FÍSICA--INFORMACIÓN GENERAL
campo de control de longitud fija t|
008 - DATOS DE LONGITUD FIJA--INFORMACIÓN GENERAL
campo de control de longitud fija 880706s1987 sp ||||1| spa d
020 ## - NÚMERO INTERNACIONAL ESTÁNDAR DEL LIBRO
Número Internacional Estándar del Libro 84-505-5370-3
080 ## - NÚMERO DE LA CLASIFICACIÓN DECIMAL UNIVERSAL
Número de la Clasificación Decimal Universal 9(464.1)
100 1# - ENTRADA PRINCIPAL--NOMBRE DE PERSONA
Nombre de persona Aznar, Fernando.
9 (RLIN) 24299
245 10 - MENCIÓN DEL TÍTULO
Título Madrid
Resto del título : una historia en comunidad /
Mención de responsabilidad, etc. texto e ilustraciones, Fernando Aznar ; documentación histórica y bibliografía, Enrique Fraguas, Paz Montalvo.
260 ## - PUBLICACIÓN, DISTRIBUCIÓN, ETC.
Lugar de publicación, distribución, etc. Madrid :
Nombre del editor, distribuidor, etc. Comunidad, Consejeria de Cultura y Deportes, Direccion General de Patrimonio Cultural,
Fecha de publicación, distribución, etc. D.L.1987.
300 ## - DESCRIPCIÓN FÍSICA
Extensión 320 p. :
Otras características físicas il. ;
Dimensiones 33 cm.
500 ## - NOTA GENERAL
Nota general Bibliografia. Indice.
651 #4 - PUNTO DE ACCESO ADICIONAL DE MATERIA--NOMBRE GEOGRÁFICO
Nombre geográfico Madrid (Comunidad Autónoma)-
Subdivisión general Historia.
9 (RLIN) 8997
700 1# - ENTRADA AGREGADA--NOMBRE PERSONAL
Nombre de persona Fraguas, Enrique.
9 (RLIN) 52089
700 1# - ENTRADA AGREGADA--NOMBRE PERSONAL
Nombre de persona Montalvo, Paz.
9 (RLIN) 82352
710 1# - ENTRADA AGREGADA--NOMBRE DE ENTIDAD CORPORATIVA
Nombre de entidad corporativa o nombre de jurisdicción como elemento de entrada Madrid (Comunidad Autónoma).
Unidad subordinada Dirección General de Patrimonio Cultural.
9 (RLIN) 5616
852 ## - LOCALIZACIÓN
Ubicación ES-MaACL
Número de control de estantería L-12169
Sublocalización o colección R.115365
Nota libre . - Plast.
Holdings
Estatus retirado Estado de pérdida Estado de daño No para préstamo Biblioteca de origen Biblioteca actual Ubicación en estantería Fecha de adquisición Fuente de adquisición Total de préstamos Signatura topográfica completa Código de barras Visto por última vez Precio de reemplazo Tipo de ítem Koha
        Biblioteca del Ateneo de Madrid Biblioteca del Ateneo de Madrid Depósito 2 17/01/2008     L-12169 1005552 23/02/2023 23/02/2023 Libro impreso